Sociální práce ve zdravotnictví a její limity

Cieľom výskumu bolo identifikovať a popísať limity a bariéry, s ktorými sa sociálni pracovníci v zdravotníctve pri svojej práci stretávajú. Pracovná pozícia sociálneho pracovníka v zdravotníctve je relatívne mladá pracovná pozícia, ktorá bola v Českej republike zaradená až v roku 2004. Dodnes je pre...

Ausführliche Beschreibung

Gespeichert in:
Bibliographische Detailangaben
1. Verfasser: Urban, David
Weitere Verfasser: Hricová, Alena, Ondrášek, Stanislav
Format: Buchkapitel
Sprache:Tschechisch
Schlagworte:
Tags: Tag hinzufügen
Keine Tags, Fügen Sie das erste Tag hinzu!

MARC

LEADER 00000naa a2200000 4500
001 0300343
005 20240516092008.6
041 0 |a cze 
044 |a CZ 
245 1 0 |a Sociální práce ve zdravotnictví a její limity  |c David Urban, Alena Hricová, Stanislav Ondrášek 
520 |a Cieľom výskumu bolo identifikovať a popísať limity a bariéry, s ktorými sa sociálni pracovníci v zdravotníctve pri svojej práci stretávajú. Pracovná pozícia sociálneho pracovníka v zdravotníctve je relatívne mladá pracovná pozícia, ktorá bola v Českej republike zaradená až v roku 2004. Dodnes je pre túto pozíciu ťažké vybudovať si svoje miesto na slnku, pretože sa jedná o nezdravotnícky personál v zdravotníckom zariadení – nemocnici, kde funguje hegemónia lekárov a zdravotníckeho personálu. Sociálni pracovníci sa v tomto ohľade môžu cítiť nedocenení, ale súčasne sa stretávajú s radom systémových a administratívnych obmedzení a prekážok. 
610 2 0 |a práca sociálna 
610 2 0 |a zdravotníctvo 
610 2 0 |a prekážky v práci 
610 2 0 |a podmienky pracovné 
100 1 |a Urban, David 
700 1 |a Hricová, Alena 
700 1 |a Ondrášek, Stanislav